[Event "Petroupoli ASOP Dias"]
[Site "Petroupoli"]
[Date "2019.11.21"]
[Round "9"]
[White "Kofidis, Andreas"]
[Black "Spyratos, Nikolaos"]
[Result "1/2-1/2"]
[WhiteElo "2268"]
[BlackElo "2010"]
[PlyCount "118"]
[EventDate "2019.09.26"]
[EventType "tourn"]
[EventRounds "9"]
[EventCountry "GRE"]
[SourceTitle "EXT 2024"]
[Source "ChessBase"]
[SourceDate "2023.10.10"]
[SourceVersion "1"]
[SourceVersionDate "2023.10.10"]
[SourceQuality "1"]

1. e4 e5 2. Nf3 Nc6 3. Bc4 Nf6 4. d3 h6 5. a3 g6 6. h3 Bg7 7. Nc3 d6 8. Be3 Be6 9. Bxe6 fxe6 10. d4 exd4 11. Nxd4 Qd7 12. 0-0 0-0 13. Qd2 Kh7 14. Rae1 Nxd4 15. Bxd4 e5 16. Be3 Rf7 17. Qe2 a6 18. Rd1 Raf8 19. Kh2 Nh5 20. Qg4 Qc6 21. Rd2 Nf4 22. g3 h5 23. Qd1 Ne6 24. Nd5 Qc4 25. f3 Bh6 26. Bxh6 Kxh6 27. Rdf2 Kg7 28. h4 Nc5 29. Kg2 Ne6 30. Qd2 Qc6 31. f4 Nc5 32. Qe3 exf4 33. Qd4+ Kg8 34. Rxf4 Nd7 35. c4 Qc5 36. Qxc5 Nxc5 37. Nf6+ Kg7 38. Ne8+ Kg8 39. Nxc7 Rxf4 40. gxf4 Nxe4 41. Nd5 Nd2 42. Rc1 Kf7 43. Rc2 Nb3 44. Rc3 Nc5 45. b4 Ne6 46. b5 axb5 47. cxb5 Nc5 48. Re3 Re8 49. Rxe8 Kxe8 50. Kf3 Kf7 51. f5 gxf5 52. Nf4 Ne6 53. Nxh5 Nd4+ 54. Kf4 Nxb5 55. Ng3 Nxa3 56. Nxf5 Nc4 57. h5 Kf6 58. Nd4 Ne5 59. Nb5 Nf7 1/2-1/2

[Event "Petroupoli Dias CM 2nd"]
[Site "Petroupoli"]
[Date "2019.06.06"]
[Round "9"]
[White "Kofidis, Andreas"]
[Black "Stamatiou, Rodolfos"]
[Result "1-0"]
[WhiteElo "2288"]
[BlackElo "2001"]
[PlyCount "119"]
[EventDate "2019.04.04"]
[EventType "tourn"]
[EventRounds "9"]
[EventCountry "GRE"]
[SourceTitle "EXT 2020"]
[Source "ChessBase"]
[SourceDate "2019.10.17"]
[SourceVersion "1"]
[SourceVersionDate "2019.10.17"]
[SourceQuality "1"]

1. e4 c5 2. Nf3 Nc6 3. d4 cxd4 4. Nxd4 e6 5. Nc3 Qc7 6. g3 a6 7. Bg2 Nge7 8. Nde2 Ng6 9. 0-0 Bc5 10. a3 Nce5 11. Nf4 Nxf4 12. Bxf4 d6 13. Qe2 0-0 14. Nb1 b5 15. Nd2 Nc4 16. b4 Bb6 17. Nxc4 bxc4 18. c3 e5 19. Be3 Be6 20. a4 Rfd8 21. Rfd1 Qa7 22. Bxb6 Qxb6 23. Rd2 Rab8 24. a5 Qc6 25. Qe3 Rb5 26. Rad1 f6 27. f4 h6 28. h3 Rb7 29. Kh2 Rb5 30. f5 Bf7 31. g4 Kf8 32. h4 Ke7 33. g5 hxg5 34. hxg5 Rb7 35. Kg3 Rbd7 36. Bf3 Qb5 37. gxf6+ gxf6 38. Rh1 Qb8 39. Kf2 Qa7 40. Qxa7 Rxa7 41. Rh7 Rf8 42. Bh5 Rd7 43. Ke3 Ke8 44. Bd1 Bg8 45. Rh3 Ke7 46. Ba4 Rb7 47. Rg2 Rbb8 48. Rg7+ Rf7 49. Rhg3 Bh7 50. Bc6 Kf8 51. Rxf7+ Kxf7 52. Bd5+ Kf8 53. Bxc4 Rc8 54. Kd3 Rc6 55. Bd5 Rc7 56. c4 Rc8 57. b5 axb5 58. cxb5 Rc5 59. a6 Bxf5 60. Rg8+ 1-0

[Event "Petroupoli Dias CM 1st"]
[Site "Petroupoli"]
[Date "2019.01.31"]
[Round "2"]
[White "Kofidis, Andreas"]
[Black "Koutourinis, Apostolos"]
[Result "1-0"]
[WhiteElo "2297"]
[BlackElo "2106"]
[PlyCount "129"]
[EventDate "2019.01.24"]
[EventType "tourn"]
[EventRounds "9"]
[EventCountry "GRE"]
[SourceTitle "EXT 2021"]
[Source "ChessBase"]
[SourceDate "2020.10.23"]
[SourceVersion "1"]
[SourceVersionDate "2020.10.23"]
[SourceQuality "1"]

1. e4 c5 2. Nf3 d6 3. d4 cxd4 4. Nxd4 Nf6 5. Nc3 g6 6. f4 Nbd7 7. Nf3 Qc7 8. Bd3 Bg7 9. 0-0 0-0 10. Qe2 a6 11. Kh1 e6 12. Bd2 Nc5 13. b4 Nxd3 14. cxd3 Bd7 15. Rfc1 Bc6 16. a4 Qd7 17. d4 b5 18. axb5 Bxb5 19. Nxb5 Qxb5 20. Qxb5 axb5 21. e5 dxe5 22. dxe5 Rxa1 23. Rxa1 Nd5 24. Nd4 Rb8 25. Nc6 Rc8 26. Nd4 Bf8 27. Nxb5 Rc2 28. Rd1 Bxb4 29. Bxb4 Nxb4 30. Rd8+ Kg7 31. g3 Nd5 32. Nd6 h5 33. Ne8+ Kh7 34. Nf6+ Nxf6 35. exf6 g5 36. fxg5 Ra2 37. h3 Rb2 38. Kg1 Ra2 39. Rf8 Ra7 40. Kf2 Kg6 41. h4 Kf5 42. Ke3 e5 43. Re8 Ra3+ 44. Kf2 Ra2+ 45. Kf3 Ra3+ 46. Kf2 Ra2+ 47. Ke1 Ra1+ 48. Kf2 Ra2+ 49. Kf1 Ra1+ 50. Kg2 Ra5 51. Kh3 Kg6 52. Re7 Rb5 53. Kg2 Ra5 54. Kf3 Ra3+ 55. Kf2 Ra5 56. Ke3 Ra3+ 57. Ke4 Rxg3 58. Re8 Rg4+ 59. Kxe5 Rxh4 60. Rg8+ Kh7 61. Rg7+ Kh8 62. Rxf7 Ra4 63. Kf5 h4 64. Rf8+ Kh7 65. g6+ 1-0

[Event "GRE-chT 46th"]
[Site "Rio Achaia"]
[Date "2018.07.12"]
[Round "4.4"]
[White "Theodorou, Nikolas"]
[Black "Kofidis, Andreas"]
[Result "1-0"]
[WhiteElo "2513"]
[BlackElo "2321"]
[PlyCount "75"]
[EventDate "2018.07.10"]
[EventType "team"]
[EventRounds "7"]
[EventCountry "GRE"]
[SourceTitle "CBM 185 Extra"]
[Source "ChessBase"]
[SourceDate "2018.07.29"]
[SourceVersion "1"]
[SourceVersionDate "2018.07.29"]
[SourceQuality "1"]
[WhiteTeam "Chania"]
[BlackTeam "Piraikos"]
[WhiteTeamCountry "GRE"]
[BlackTeamCountry "GRE"]

1. d4 Nf6 2. Nf3 e6 3. g3 d5 4. Bg2 Nbd7 5. 0-0 Be7 6. c4 0-0 7. cxd5 exd5 8. Nc3 c6 9. a3 a5 10. Qc2 Re8 11. Bg5 Ne4 12. Bxe7 Qxe7 13. e3 Nd6 14. Nd2 Nf6 15. b4 Bf5 16. Qb2 b5 17. a4 Bd3 18. Rfe1 Nc4 19. Nxc4 Bxc4 20. bxa5 b4 21. Nb1 Rxa5 22. Nd2 c5 23. e4 Bd3 24. Nb3 c4 25. Nxa5 c3 26. Qb3 dxe4 27. Nc6 Qd6 28. Nxb4 Rb8 29. Qxc3 Qxb4 30. Qxb4 Rxb4 31. a5 Rxd4 32. a6 Rd8 33. a7 Ra8 34. f3 Nd7 35. fxe4 Ne5 36. Rec1 g6 37. Rc7 Kg7 38. Ra5 1-0

[Event "GRE-chT 46th"]
[Site "Rio Achaia"]
[Date "2018.07.11"]
[Round "2.5"]
[White "Grivas, Efstratios"]
[Black "Kofidis, Andreas"]
[Result "1/2-1/2"]
[WhiteElo "2431"]
[BlackElo "2321"]
[PlyCount "135"]
[EventDate "2018.07.10"]
[EventType "team"]
[EventRounds "7"]
[EventCountry "GRE"]
[SourceTitle "CBM 185 Extra"]
[Source "ChessBase"]
[SourceDate "2018.07.29"]
[SourceVersion "1"]
[SourceVersionDate "2018.07.29"]
[SourceQuality "1"]
[WhiteTeam "Heraklion"]
[BlackTeam "Piraikos"]
[WhiteTeamCountry "GRE"]
[BlackTeamCountry "GRE"]

1. d4 Nf6 2. Nf3 g6 3. c4 Bg7 4. Nc3 d5 5. Bg5 Ne4 6. Bh4 c6 7. e3 0-0 8. Qb3 Bf6 9. Bxf6 Nxf6 10. Bd3 dxc4 11. Bxc4 b5 12. Be2 Be6 13. Qc2 a5 14. 0-0 Na6 15. Rfd1 a4 16. Ng5 Nb4 17. Qd2 Qa5 18. Nxe6 fxe6 19. Bf3 a3 20. bxa3 Qxa3 21. Rab1 Nfd5 22. Rb3 Qa6 23. a3 Nxc3 24. Qxc3 Nd5 25. Qc5 Qa4 26. Rdb1 Qc4 27. Bxd5 exd5 28. Qxe7 Rf7 29. Qb4 Qxb4 30. axb4 Ra2 31. R3b2 Rxb2 32. Rxb2 Ra7 33. g4 Kf7 34. Kg2 Ke6 35. Kg3 h6 36. h4 Ra1 37. f3 Rg1+ 38. Kh2 Re1 39. Rb3 Re2+ 40. Kg3 Re1 41. Rc3 Kd6 42. Rb3 Rg1+ 43. Kh2 Re1 44. h5 gxh5 45. gxh5 Re2+ 46. Kg3 Re1 47. Kf4 Rh1 48. Rb2 Rh4+ 49. Kg3 Rh1 50. f4 Ke6 51. Kg4 Rc1 52. Kf3 Rf1+ 53. Rf2 Rh1 54. Rg2 Rxh5 55. Rg6+ Kd7 56. Kg2 Kc7 57. Re6 Kd7 58. Re5 Rh4 59. Rf5 Ke6 60. Re5+ Kd7 61. f5 Rg4+ 62. Kf2 Rg5 63. Kf3 Rg1 64. Re6 h5 65. Kf4 Rg4+ 66. Kf3 Rg1 67. Kf4 Rg4+ 68. Kf3 1/2-1/2

[Event "GRE-chT 46th"]
[Site "Rio Achaia"]
[Date "2018.07.11"]
[Round "3.6"]
[White "Kofidis, Andreas"]
[Black "Skembris, Spyridon"]
[Result "1-0"]
[WhiteElo "2321"]
[BlackElo "2393"]
[PlyCount "77"]
[EventDate "2018.07.10"]
[EventType "team"]
[EventRounds "7"]
[EventCountry "GRE"]
[SourceTitle "CBM 185 Extra"]
[Source "ChessBase"]
[SourceDate "2018.07.29"]
[SourceVersion "1"]
[SourceVersionDate "2018.07.29"]
[SourceQuality "1"]
[WhiteTeam "Piraikos"]
[BlackTeam "Sea of Corinth Argonaut"]
[WhiteTeamCountry "GRE"]
[BlackTeamCountry "GRE"]

1. e4 c5 2. Nf3 g6 3. d4 cxd4 4. Nxd4 Bg7 5. Nc3 Nc6 6. Nde2 Nf6 7. g3 b5 8. Bg2 Rb8 9. 0-0 0-0 10. Nd5 d6 11. h3 e6 12. Nxf6+ Bxf6 13. c3 Qe7 14. Be3 Bb7 15. Nd4 a6 16. Nxc6 Bxc6 17. e5 Bxg2 18. exf6 Qb7 19. Qg4 Bxf1 20. Rxf1 Qd5 21. Rd1 h5 22. Qf4 g5 23. Rxd5 gxf4 24. Rg5+ Kh7 25. Rg7+ Kh8 26. Bxf4 e5 27. Bh6 Rb7 28. Rg5 Rg8 29. Rxh5 Kh7 30. g4 b4 31. cxb4 Kg6 32. Rg5+ Kh7 33. Bg7 Rxb4 34. h4 Rxg7 35. Rxg7+ Kh6 36. g5+ Kh5 37. Rxf7 Kxh4 38. Rg7 Rf4 39. f7 1-0

[Event "Peristeri NM 1st"]
[Site "Peristeri"]
[Date "2018.06.16"]
[Round "8"]
[White "Kofidis, Andreas"]
[Black "Krallis, Christos"]
[Result "1/2-1/2"]
[WhiteElo "2327"]
[BlackElo "2207"]
[PlyCount "61"]
[EventDate "2018.05.04"]
[EventType "tourn"]
[EventRounds "9"]
[EventCountry "GRE"]
[SourceTitle "EXT 2019"]
[Source "ChessBase"]
[SourceDate "2018.10.10"]
[SourceVersion "1"]
[SourceVersionDate "2018.10.10"]
[SourceQuality "1"]

1. e4 e5 2. Nf3 Nc6 3. Nc3 Nf6 4. Bb5 Bd6 5. 0-0 0-0 6. d3 Ne7 7. d4 Ng6 8. Bc4 h6 9. Re1 Re8 10. Nb5 Bb4 11. c3 Ba5 12. dxe5 Nxe5 13. Nxe5 Rxe5 14. Bf4 Rc5 15. Qe2 a6 16. Nd4 Bb6 17. b4 Rxc4 18. Qxc4 Nxe4 19. f3 d5 20. Qd3 Nf6 21. Kh1 Bd7 22. c4 dxc4 23. Qxc4 Nh5 24. Be5 Qg5 25. Re4 Rc8 26. Rae1 c5 27. bxc5 Bxc5 28. Qd3 b5 29. f4 Qh4 30. f5 Qg5 31. Nf3 1/2-1/2

[Event "Peristeri CM 8th"]
[Site "Peristeri"]
[Date "2018.03.13"]
[Round "1"]
[White "Louka, Magdalini"]
[Black "Kofidis, Andreas"]
[Result "0-1"]
[WhiteElo "1760"]
[BlackElo "2329"]
[PlyCount "46"]
[EventDate "2018.03.13"]
[EventType "tourn"]
[EventRounds "7"]
[EventCountry "GRE"]
[SourceTitle "EXT 2019"]
[Source "ChessBase"]
[SourceDate "2018.10.10"]
[SourceVersion "1"]
[SourceVersionDate "2018.10.10"]
[SourceQuality "1"]

1. e4 c5 2. Nf3 d6 3. d4 cxd4 4. Nxd4 Nf6 5. Nc3 a6 6. g3 e6 7. Bg2 Be7 8. 0-0 0-0 9. Re1 Qc7 10. Be3 Nc6 11. Qe2 Bd7 12. Rad1 b5 13. a3 Na5 14. Bc1 Rac8 15. Rd3 Rfd8 16. g4 Nc6 17. Nxc6 Bxc6 18. g5 Nd7 19. Rh3 Nf8 20. Nd5 exd5 21. exd5 Bd7 22. Rc3 Qb7 23. Rxc8 Qxc8 0-1

[Event "Athens New Year Square op"]
[Site "Athens"]
[Date "2018.01.07"]
[Round "8"]
[White "Kofidis, Andreas"]
[Black "Krallis, Christos"]
[Result "1-0"]
[WhiteElo "2330"]
[BlackElo "2177"]
[PlyCount "81"]
[EventDate "2018.01.01"]
[EventType "swiss"]
[EventRounds "9"]
[EventCountry "GRE"]
[SourceTitle "CBM 182 Extra"]
[Source "ChessBase"]
[SourceDate "2018.02.23"]
[SourceVersion "1"]
[SourceVersionDate "2018.02.23"]
[SourceQuality "1"]

1. e4 e5 2. Nf3 Nc6 3. Bb5 a6 4. Bxc6 dxc6 5. d4 exd4 6. Qxd4 Qxd4 7. Nxd4 c5 8. Nf3 Bg4 9. Nc3 Bxf3 10. gxf3 0-0-0 11. Be3 Nf6 12. Rd1 Rxd1+ 13. Kxd1 Be7 14. Ke2 Rd8 15. f4 b5 16. e5 Ng4 17. Rg1 Nxe3 18. fxe3 g6 19. b3 c6 20. Rd1 Rf8 21. Ne4 Kc7 22. Kf3 a5 23. Nf6 Bxf6 24. exf6 a4 25. e4 axb3 26. axb3 Ra8 27. e5 c4 28. bxc4 b4 29. Kg4 Ra2 30. Kg5 Kb6 31. e6 fxe6 32. f7 Ra8 33. Kf6 Kc5 34. Ke7 Kxc4 35. Rd3 Ra7+ 36. Kxe6 Ra8 37. Ke7 Ra7+ 38. Rd7 Ra8 39. Rc7 c5 40. f8Q Rxf8 41. Kxf8 1-0